Okrajové úlohy so šikmou deriváciou

Uložené v:
Podrobná bibliografia
Hlavný autor: Schwarzová, Paula (Autor)
Ďalší autori: Mikula, Karol (Vedúci práce)
Médium: Rukopis Kniha
Jazyk:Slovak
Vydavateľské údaje: 2019
Predmet:
On-line prístup:http://is.stuba.sk/zp/portal_zp.pl?podrobnosti=137287
https://opac.crzp.sk/?fn=detailBiblioForm&sid=F8FE310152E9D1F1E01C4541F7FB
Tagy: Pridať tag
Žiadne tagy, Buďte prvý, kto otaguje tento záznam!

MARC

LEADER 00000ntm a22000003a 4500
001 stuzp74854
003 SK-STU
005 20230609102130.0
007 ta
008 150427s2015----xo-----f-mn---000-0-slo-d
040 |a STU  |b slo 
041 0 |a slo 
100 1 |a Schwarzová, Paula  |u 010220  |4 aut  |U SvF Stavebná fakulta  |T SvF Katedra matematiky a deskriptívnej geometrie  |X 87783  |U V220  |Y 23  |7 87783 
242 0 1 |a Boundary value problems with oblique derivative condition  |y eng 
245 1 0 |a Okrajové úlohy so šikmou deriváciou 
260 |c 2019 
650 4 |a šikmá derivácia  |2 slo 
650 4 |a okrajová podmienka  |2 slo 
650 4 |a geodetická okrajová úloha  |2 slo 
650 4 |a existencia riešenia  |2 slo 
650 4 |a oblique derivative  |2 eng 
650 4 |a boundary condition  |2 eng 
650 4 |a geodetic boundary-value problem  |2 eng 
650 4 |a existence result  |2 eng 
700 1 |a Mikula, Karol  |u 010220  |k Z1  |4 ths  |U SvF Stavebná fakulta  |T SvF Katedra matematiky a deskriptívnej geometrie  |X 782  |U V220  |Y 23  |7 A000000782 
856 4 |u http://is.stuba.sk/zp/portal_zp.pl?podrobnosti=137287 
856 4 |u https://opac.crzp.sk/?fn=detailBiblioForm&sid=F8FE310152E9D1F1E01C4541F7FB